[Event "Kharkov Rector Cup (Women) 14th"]
[Site "Kharkov"]
[Date "2012.04.03"]
[Round "9"]
[White "Doluhanova, Evgeniya"]
[Black "Shapoval, Galina"]
[Result "1/2-1/2"]
[WhiteElo "2269"]
[BlackElo "2183"]
[PlyCount "92"]
[EventDate "2012.03.26"]
[EventType "tourn"]
[EventRounds "9"]
[EventCountry "UKR"]
[SourceTitle "CBM 147 Extra"]
[Source "ChessBase"]
[SourceDate "2012.04.24"]
[SourceVersion "1"]
[SourceVersionDate "2012.04.24"]
[SourceQuality "1"]

1. e4 c5 2. Nf3 d6 3. d4 cxd4 4. Nxd4 Nf6 5. Nc3 a6 6. Be3 e6 7. f3 Qc7 8. Qd2 b5 9. g4 h6 10. 0-0-0 Nbd7 11. Kb1 b4 12. Na4 d5 13. Bg2 Bb7 14. Rhe1 dxe4 15. fxe4 Ne5 16. Bf4 Be7 17. Qe2 0-0 18. Nf3 Qa5 19. Nxe5 Qxa4 20. h4 Rfd8 21. g5 Nh7 22. Qh5 Qe8 23. gxh6 g6 24. Qg4 Nf6 25. Qe2 Nh5 26. Qf2 Nxf4 27. Qxf4 Rxd1+ 28. Rxd1 Rd8 29. Rxd8 Bxd8 30. h7+ Kxh7 31. Nxf7 Kg7 32. Nd6 Qd7 33. Bh3 Bc6 34. e5 a5 35. b3 Bd5 36. Qd4 Qe7 37. Qf4 Qf8 38. Qg3 Qe7 39. h5 Qg5 40. Qxg5 Bxg5 41. hxg6 Kxg6 42. Nc8 Bf4 43. Ne7+ Kf7 44. Nxd5 exd5 45. e6+ Ke7 46. Kb2 d4 1/2-1/2

[Event "Kharkov Rector Cup (Women) 14th"]
[Site "Kharkov"]
[Date "2012.03.31"]
[Round "6"]
[White "Andrenko, Irina"]
[Black "Shapoval, Galina"]
[Result "1/2-1/2"]
[WhiteElo "2227"]
[BlackElo "2183"]
[PlyCount "112"]
[EventDate "2012.03.26"]
[EventType "tourn"]
[EventRounds "9"]
[EventCountry "UKR"]
[SourceTitle "CBM 147 Extra"]
[Source "ChessBase"]
[SourceDate "2012.04.24"]
[SourceVersion "1"]
[SourceVersionDate "2012.04.24"]
[SourceQuality "1"]

1. e4 c5 2. c3 Nf6 3. e5 Nd5 4. d4 cxd4 5. cxd4 e6 6. Nf3 Nc6 7. Bc4 d6 8. 0-0 Be7 9. Qe2 dxe5 10. dxe5 0-0 11. Nc3 Nxc3 12. bxc3 Qc7 13. Re1 Rd8 14. Qe4 g6 15. Bg5 Bxg5 16. Nxg5 h6 17. Nf3 Na5 18. Bf1 Qe7 19. h4 Bd7 20. Nh2 h5 21. Re3 b6 22. Be2 Bc6 23. Qf4 Kh7 24. g4 Rg8 25. Rg3 Rad8 26. Nf3 Bxf3 27. Bxf3 hxg4 28. Rxg4 Nb7 29. h5 Nc5 30. hxg6+ Rxg6 31. Kg2 Rh8 32. Rh1+ Kg8 33. Be4 Nxe4 34. Rxg6+ fxg6 35. Rxh8+ Kxh8 36. Qxe4 Kg7 37. f4 Qd7 38. Kg3 Kf7 39. a4 Kg7 40. Kh4 Qd2 41. Kg5 Qd8+ 42. Kg4 Qd1+ 43. Qf3 Qxa4 44. Qb7+ Kh6 45. Qh1+ Kg7 46. Kg5 Qe8 47. Qh6+ Kg8 48. Qh1 Qf7 49. Qa8+ Kg7 50. Kg4 Qf5+ 51. Kg3 Qd3+ 52. Kh4 Qd7 53. c4 Qf7 54. Kg3 Qc7 55. Qe8 Qf7 56. Qd8 Qf5 1/2-1/2

[Event "Kharkov Femida (Women)"]
[Site "Kharkov"]
[Date "2011.11.28"]
[Round "9"]
[White "Shapoval, Galina"]
[Black "Sharovskaya, Olga"]
[Result "1-0"]
[WhiteElo "2201"]
[BlackElo "1966"]
[PlyCount "39"]
[EventDate "2011.11.20"]
[EventType "tourn"]
[EventRounds "9"]
[EventCountry "UKR"]
[SourceTitle "CBM 145 Extra"]
[Source "ChessBase"]
[SourceDate "2012.01.03"]
[SourceVersion "1"]
[SourceVersionDate "2012.01.03"]
[SourceQuality "1"]

1. e4 e6 2. d4 d5 3. Nc3 Bb4 4. e5 c5 5. a3 Bxc3+ 6. bxc3 Qc7 7. Qg4 f5 8. Qh5+ g6 9. Qd1 cxd4 10. cxd4 Qc3+ 11. Bd2 Qxd4 12. Nf3 Qb6 13. Rb1 Qc7 14. Bd3 Nc6 15. Qe2 Bd7 16. 0-0 0-0-0 17. Ba6 Na5 18. Bxa5 Qxa5 19. Rxb7 Ne7 20. Rfb1 1-0

[Event "Kharkov Femida (Women)"]
[Site "Kharkov"]
[Date "2011.11.26"]
[Round "7"]
[White "Shapoval, Galina"]
[Black "Andrenko, Irina"]
[Result "0-1"]
[WhiteElo "2201"]
[BlackElo "2210"]
[PlyCount "126"]
[EventDate "2011.11.20"]
[EventType "tourn"]
[EventRounds "9"]
[EventCountry "UKR"]
[SourceTitle "CBM 145 Extra"]
[Source "ChessBase"]
[SourceDate "2012.01.03"]
[SourceVersion "1"]
[SourceVersionDate "2012.01.03"]
[SourceQuality "1"]

1. e4 g6 2. d4 Bg7 3. Nc3 d6 4. Be2 a6 5. h4 h5 6. Nh3 b5 7. Ng5 Bb7 8. Be3 Nd7 9. a4 b4 10. Bc4 e6 11. Ne2 d5 12. exd5 Bxd5 13. Bxd5 exd5 14. Nf4 Ngf6 15. a5 0-0 16. 0-0 Rb8 17. Qd3 Rb5 18. Ra4 Re8 19. Qb3 Bf8 20. Qd3 Bg7 21. c4 bxc3 22. bxc3 Ne4 23. Nxd5 Rxd5 24. Nxe4 Qxh4 25. Nd2 Qg4 26. f3 Qe6 27. Qe4 Nc5 28. dxc5 Qc6 29. Qc4 Rxe3 30. Ne4 Bxc3 31. Nxc3 Rxc5 32. Qd4 Rcxc3 33. Rb4 Re8 34. Rd1 Qc5 35. Qxc5 Rxc5 36. Rd7 Rxa5 37. Rxc7 Rf5 38. Ra7 a5 39. Rb6 Re2 40. Kf1 Ra2 41. Rb8+ Kg7 42. Rab7 a4 43. Rb5 Rf6 44. R8b6 a3 45. Rxf6 Kxf6 46. Ra5 h4 47. Kg1 Ra1+ 48. Kh2 a2 49. Ra7 Ke5 50. Ra5+ Kd4 51. Ra3 g5 52. g3 hxg3+ 53. Kg2 f5 54. Ra4+ Ke3 55. Ra3+ Ke2 56. Ra8 f4 57. Re8+ Kd3 58. Rd8+ Kc4 59. Rc8+ Kd5 60. Rd8+ Ke6 61. Re8+ Kf7 62. Ra8 g4 63. Rf8+ Kxf8 0-1

[Event "Kharkov Femida (Women)"]
[Site "Kharkov"]
[Date "2011.11.23"]
[Round "4"]
[White "Shapoval, Galina"]
[Black "Tarleva, Vira"]
[Result "1/2-1/2"]
[WhiteElo "2201"]
[BlackElo "2153"]
[PlyCount "84"]
[EventDate "2011.11.20"]
[EventType "tourn"]
[EventRounds "9"]
[EventCountry "UKR"]
[SourceTitle "CBM 145 Extra"]
[Source "ChessBase"]
[SourceDate "2012.01.03"]
[SourceVersion "1"]
[SourceVersionDate "2012.01.03"]
[SourceQuality "1"]

1. e4 c5 2. Nf3 d6 3. d4 cxd4 4. Qxd4 Nc6 5. Bb5 Bd7 6. Bxc6 Bxc6 7. c4 Nf6 8. Nc3 g6 9. 0-0 Bg7 10. Qd3 0-0 11. Nd4 Bd7 12. b3 Ng4 13. Bb2 Ne5 14. Qd2 a6 15. f4 Bh6 16. Nd5 e6 17. Ne3 Nc6 18. Ng4 Bg7 19. Nxc6 Bxc6 20. Bxg7 Kxg7 21. Qd4+ f6 22. Rad1 h5 23. Ne3 Qa5 24. a4 Qc5 25. f5 exf5 26. Qxc5 dxc5 27. exf5 Rae8 28. Rfe1 Re5 29. fxg6 Rfe8 30. Kf2 Kxg6 31. g3 Kg5 32. h4+ Kg6 33. Rd6 R8e6 34. Rxe6 Rxe6 35. Rd1 Re5 36. Rd6 Kf7 37. Nd5 Rf5+ 38. Ke3 Rf1 39. Ke2 Rf5 40. Ke3 Kg7 41. Ke2 Kf7 42. Ke3 Rf1 1/2-1/2

[Event "Kharkov Femida (Women)"]
[Site "Kharkov"]
[Date "2011.11.20"]
[Round "1"]
[White "Lomakina, Galja"]
[Black "Shapoval, Galina"]
[Result "1-0"]
[WhiteElo "2085"]
[BlackElo "2201"]
[PlyCount "145"]
[EventDate "2011.11.20"]
[EventType "tourn"]
[EventRounds "9"]
[EventCountry "UKR"]
[SourceTitle "CBM 145 Extra"]
[Source "ChessBase"]
[SourceDate "2012.01.03"]
[SourceVersion "1"]
[SourceVersionDate "2012.01.03"]
[SourceQuality "1"]

1. Nf3 Nf6 2. g3 c5 3. Bg2 Nc6 4. 0-0 g6 5. c4 Bg7 6. Nc3 0-0 7. d3 d6 8. Rb1 Rb8 9. a3 a5 10. Ne1 Be6 11. Nc2 d5 12. cxd5 Nxd5 13. Ne4 b6 14. Ng5 Bc8 15. Ne3 Nxe3 16. fxe3 Qd7 17. Bd2 h6 18. Ne4 Bb7 19. Qa4 Ne5 20. Qxd7 Nxd7 21. b4 axb4 22. axb4 f5 23. Nc3 Bxg2 24. Kxg2 c4 25. Nd5 e6 26. Nc7 c3 27. Bc1 Kf7 28. Rb3 b5 29. d4 c2 30. Na6 Ra8 31. Nc7 Ra4 32. Nxb5 Rb8 33. Nd6+ Kg8 34. Rc3 Ra2 35. b5 Bf8 36. Rc6 Rb6 37. Nc4 Rxb5 38. Rxe6 Kf7 39. Rc6 Rb1 40. Nd2 Rb6 41. Rc7 Ke6 42. e4 Bd6 43. exf5+ gxf5 44. d5+ Ke7 45. Rc3 Bb4 46. Re3+ Kd8 47. Nc4 Rba6 48. Rb3 Be7 49. Rxf5 Ra1 50. Rf1 Bg5 51. e3 Rb1 52. Rb2 Rxb2 53. Nxb2 Ra1 54. h4 Be7 55. Nd3 Nc5 56. Nxc5 Bxc5 57. e4 Rb1 58. Bxh6 Rxf1 59. Kxf1 Ba3 60. Ke2 c1Q 61. Bxc1 Bxc1 62. Kf3 Ke7 63. e5 Bd2 64. Kg4 Bc3 65. Kf5 Be1 66. h5 Bxg3 67. h6 Kf8 68. d6 Kg8 69. d7 Bh4 70. Kg6 Bd8 71. h7+ Kh8 72. Kf7 Kxh7 73. e6 1-0

[Event "UKR-ch (Women)"]
[Site "Poltava"]
[Date "2010.11.20"]
[Round "8"]
[White "Doluhanova, Evgeniya"]
[Black "Shapoval, Galina"]
[Result "1/2-1/2"]
[WhiteElo "2266"]
[BlackElo "2190"]
[PlyCount "121"]
[EventDate "2010.11.13"]
[EventType "swiss"]
[EventRounds "9"]
[EventCountry "UKR"]
[SourceTitle "CBM 139 Extra"]
[Source "ChessBase"]
[SourceDate "2011.01.05"]
[SourceVersion "1"]
[SourceVersionDate "2011.01.05"]
[SourceQuality "1"]

1. Nf3 Nf6 2. g3 c5 3. Bg2 Nc6 4. 0-0 g6 5. d3 Bg7 6. e4 d6 7. Nh4 d5 8. Nc3 dxe4 9. dxe4 Bg4 10. f3 Be6 11. Be3 b6 12. Qe1 0-0 13. Rd1 Qc8 14. Rf2 Rd8 15. Rfd2 Rxd2 16. Rxd2 Ne5 17. b3 Nfd7 18. Ne2 Nf8 19. Kh1 Bd7 20. f4 Ng4 21. Bg1 Bc6 22. Qf1 Qb7 23. e5 f6 24. h3 Nh6 25. exf6 exf6 26. Nf3 Re8 27. Kh2 f5 28. Nc1 Nf7 29. Nd3 Nd7 30. Re2 Qc8 31. Qe1 Rxe2 32. Qxe2 Nf6 33. Nfe5 Bxg2 34. Kxg2 Qb7+ 35. Qf3 Qe4 36. Nf2 Qxf3+ 37. Kxf3 Nxe5+ 38. fxe5 Nd5 39. Nd3 Kf7 40. g4 Ke6 41. Bh2 g5 42. c4 Nc3 43. gxf5+ Kxf5 44. e6 Kxe6 45. Bb8 Bf6 46. Bxa7 Bd8 47. a4 Kf5 48. a5 bxa5 49. Nxc5 h5 50. Nb7 Bc7 51. c5 g4+ 52. hxg4+ hxg4+ 53. Kg2 Nd5 54. Nd6+ Ke6 55. Nb5 Kd7 56. Na3 Kc6 57. Nc4 Kb7 58. Bb6 Nxb6 59. Nxa5+ Ka6 60. cxb6 Bxb6 61. Nc4 1/2-1/2

[Event "UKR-ch (Women)"]
[Site "Evpatoria"]
[Date "2009.05.31"]
[Round "9"]
[White "Kostiukova, Liubov"]
[Black "Shapoval, Galina"]
[Result "0-1"]
[WhiteElo "2220"]
[BlackElo "2202"]
[PlyCount "64"]
[EventDate "2009.05.23"]
[EventType "swiss"]
[EventRounds "9"]
[EventCountry "UKR"]
[SourceTitle "CBM 130 Extra"]
[Source "ChessBase"]
[SourceDate "2009.07.02"]
[SourceVersion "2"]
[SourceVersionDate "2009.07.15"]
[SourceQuality "1"]

1. Nf3 Nf6 2. d4 c5 3. d5 b5 4. Bg5 Qb6 5. Nc3 b4 6. Na4 Qa5 7. Bxf6 gxf6 8. b3 d6 9. Qd2 Nd7 10. a3 Rb8 11. e3 Bg7 12. Bc4 f5 13. axb4 Rxb4 14. c3 Rb8 15. 0-0 0-0 16. b4 cxb4 17. Nd4 bxc3 18. Nxc3 Qc5 19. Be2 Ne5 20. Rfc1 f4 21. Ncb5 fxe3 22. Qxe3 Qxd5 23. Rxa7 Bb7 24. Qg3 Rfc8 25. Rd1 Qe4 26. f4 Ng6 27. Bf3 Qe3+ 28. Kh1 Bxf3 29. Nf5 Qe2 30. Re1 Qxg2+ 31. Qxg2 Bxg2+ 32. Kxg2 Rxb5 0-1

[Event "UKR-ch (Women)"]
[Site "Evpatoria"]
[Date "2009.05.29"]
[Round "7"]
[White "Huda, Maryana"]
[Black "Shapoval, Galina"]
[Result "1-0"]
[WhiteElo "2247"]
[BlackElo "2202"]
[PlyCount "59"]
[EventDate "2009.05.23"]
[EventType "swiss"]
[EventRounds "9"]
[EventCountry "UKR"]
[SourceTitle "CBM 130 Extra"]
[Source "ChessBase"]
[SourceDate "2009.07.02"]
[SourceVersion "2"]
[SourceVersionDate "2009.07.15"]
[SourceQuality "1"]

1. Nf3 Nf6 2. e3 c5 3. b3 Nc6 4. Bb2 g6 5. Be2 Bg7 6. 0-0 0-0 7. d3 d5 8. Ne5 d4 9. Nxc6 bxc6 10. e4 c4 11. dxc4 Nxe4 12. Bf3 f5 13. Re1 Bb7 14. Bxe4 fxe4 15. Rxe4 c5 16. Re6 Qd7 17. Qe1 Rf7 18. Nd2 Raf8 19. f3 Bh6 20. Rd1 Bf4 21. Nf1 Bc8 22. Re2 g5 23. Bc1 Bxc1 24. Rxc1 g4 25. Qg3 Rg7 26. f4 Rgf7 27. Qh4 Rxf4 28. Qg5+ Kf7 29. Qxf4+ Ke8 30. Qe5 1-0

[Event "UKR-ch (Women)"]
[Site "Evpatoria"]
[Date "2009.05.25"]
[Round "3"]
[White "Mamedova, Leila"]
[Black "Shapoval, Galina"]
[Result "1-0"]
[WhiteElo "2003"]
[BlackElo "2202"]
[PlyCount "79"]
[EventDate "2009.05.23"]
[EventType "swiss"]
[EventRounds "9"]
[EventCountry "UKR"]
[SourceTitle "CBM 130 Extra"]
[Source "ChessBase"]
[SourceDate "2009.07.02"]
[SourceVersion "2"]
[SourceVersionDate "2009.07.15"]
[SourceQuality "1"]

1. e4 c5 2. c3 Nf6 3. e5 Nd5 4. d4 cxd4 5. cxd4 Nc6 6. Nf3 d6 7. Bc4 e6 8. 0-0 Be7 9. a3 0-0 10. Qe2 Nb6 11. Bd3 dxe5 12. dxe5 Nd4 13. Nxd4 Qxd4 14. Rd1 Qc5 15. Qe4 g6 16. Bh6 Rd8 17. Nc3 Bd7 18. Rac1 Bc6 19. Qe2 Qd4 20. Bxg6 Qh4 21. Bh5 Kh8 22. Be3 Qc4 23. Bxb6 Qxe2 24. Nxe2 axb6 25. Bxf7 Rf8 26. Bxe6 Bc5 27. Rf1 Rae8 28. Bc4 Rxe5 29. b4 Rg5 30. g3 Be7 31. f4 Rg7 32. Nd4 Ra8 33. Nf5 Bf6 34. b5 Be4 35. Nxg7 Bd4+ 36. Rf2 Kxg7 37. Kf1 Bxf2 38. Kxf2 Rxa3 39. Re1 Bd3 40. Re3 1-0

[Event "Kharkov Rector Cup (Women) 11th"]
[Site "Kharkov"]
[Date "2009.03.16"]
[Round "5"]
[White "Shapoval, Galina"]
[Black "Petrenko, Svetlana"]
[Result "1-0"]
[WhiteElo "2202"]
[BlackElo "2251"]
[PlyCount "121"]
[EventDate "2009.03.13"]
[EventType "tourn"]
[EventRounds "10"]
[EventCountry "UKR"]
[SourceTitle "CBM 129 Extra"]
[Source "ChessBase"]
[SourceDate "2009.05.05"]
[SourceVersion "2"]
[SourceVersionDate "2009.05.20"]
[SourceQuality "1"]

1. e4 c5 2. Nf3 d6 3. d4 cxd4 4. Nxd4 Nf6 5. Nc3 a6 6. Be3 Ng4 7. Bc1 g6 8. f3 Ne5 9. f4 Nec6 10. Be3 Bg7 11. Qd2 0-0 12. Nb3 b5 13. 0-0-0 Be6 14. h4 Na5 15. h5 Nxb3+ 16. cxb3 Qa5 17. Kb1 Nc6 18. hxg6 fxg6 19. f5 gxf5 20. Bh6 Rf6 21. Bxg7 Kxg7 22. Qg5+ Rg6 23. Qh5 Rh8 24. exf5 b4 25. Nb5 Bxf5+ 26. Qxf5 axb5 27. Bd3 Ne5 28. Be4 h6 29. Rdf1 Qd8 30. Qh3 Rg5 31. Qe6 Qe8 32. Rh3 h5 33. Rh4 Rh6 34. Qh3 Ng4 35. Qg3 Rf6 36. Rfh1 Qf7 37. Bd3 Qd5 38. Rxh5 Rxh5 39. Qxg4+ Qg5 40. Qxh5 Qxh5 41. Rxh5 e5 42. Rf5 Rg6 43. Rf2 Rg3 44. Bxb5 d5 45. Bc6 d4 46. Kc2 Re3 47. a4 bxa3 48. bxa3 Rc3+ 49. Kd1 Rxc6 50. a4 Rc3 51. Rb2 Kf7 52. a5 Ke6 53. a6 Rc6 54. Ra2 Rc8 55. a7 Ra8 56. g4 Kd6 57. g5 Kc6 58. g6 e4 59. g7 Kb7 60. Ra4 e3 61. Rb4+ 1-0

[Event "Kharkov Rector Cup (Women) 10th"]
[Site "Kharkov"]
[Date "2008.03.01"]
[Round "5"]
[White "Shapoval, Galina"]
[Black "Bulmaga, Irina"]
[Result "1-0"]
[WhiteElo "2216"]
[BlackElo "2132"]
[PlyCount "133"]
[EventDate "2008.02.27"]
[EventType "tourn"]
[EventRounds "9"]
[EventCountry "UKR"]
[SourceTitle "CBM 123 Extra"]
[Source "ChessBase"]
[SourceDate "2008.05.06"]
[SourceVersion "1"]
[SourceVersionDate "2008.05.06"]
[SourceQuality "1"]

1. e4 c6 2. d4 d5 3. Nc3 dxe4 4. Nxe4 Bf5 5. Ng3 Bg6 6. h4 h6 7. h5 Bh7 8. Nf3 Nd7 9. Bd3 Bxd3 10. Qxd3 e6 11. Bd2 Qc7 12. 0-0-0 Ngf6 13. Ne4 0-0-0 14. g3 Nxe4 15. Qxe4 Bd6 16. c4 c5 17. Kb1 Rhe8 18. Bc3 Nf6 19. Qe2 cxd4 20. Nxd4 a6 21. Rc1 Kb8 22. Nb3 Qc6 23. Rh4 Bc7 24. c5 Qd5 25. c6 b5 26. Bb4 e5 27. Bc5 Re6 28. Qc2 Kc8 29. Be3 Rdd6 30. Nc5 Rxc6 31. Qf5 Rxc5 32. Rxc5 Qd7 33. Rh1 Kb8 34. Rhc1 Ne8 35. Qc2 f6 36. Rd1 Rd6 37. Rxd6 Nxd6 38. b3 Kb7 39. Rd5 Qc6 40. Qd3 e4 41. Qd2 Kb8 42. Rc5 Qb7 43. Bf4 Qb6 44. Qd5 Ne8 45. b4 Bxf4 46. gxf4 Qd6 47. Qxe4 Nc7 48. Kb2 Qd2+ 49. Rc2 Qd6 50. f5 Qd7 51. a3 Qd6 52. Kb3 Qd7 53. Kb2 Qd6 54. Re2 Qd7 55. Kc2 Qf7 56. Kb2 Qd7 57. Qf4 Kb7 58. Rd2 Qe7 59. Qd6 Qf7 60. Rc2 Nd5 61. Qe6 Qxe6 62. fxe6 Ne7 63. f4 Nf5 64. Re2 Nd6 65. Rg2 Kc7 66. Rxg7+ Kc8 67. Rh7 1-0

[Event "Kharkov op"]
[Site "Kharkov"]
[Date "2007.10.25"]
[Round "6"]
[White "Doluhanova, Evgeniya"]
[Black "Shapoval, Galina"]
[Result "1-0"]
[WhiteElo "2208"]
[BlackElo "2199"]
[PlyCount "61"]
[EventDate "2007.10.21"]
[EventType "swiss"]
[EventRounds "11"]
[EventCountry "UKR"]
[SourceTitle "EXT 2009"]
[Source "ChessBase"]
[SourceDate "2008.11.26"]
[SourceVersion "1"]
[SourceVersionDate "2008.11.26"]
[SourceQuality "1"]

1. e4 c5 2. Na3 Nc6 3. Bb5 g6 4. c3 Bg7 5. d3 d5 6. Be3 Nf6 7. Qc2 a6 8. Bxc6+ bxc6 9. Bxc5 Qa5 10. Bd4 c5 11. Bxf6 Bxf6 12. exd5 c4 13. Nxc4 Qxd5 14. Ne3 Qc6 15. Nf3 Rb8 16. 0-0 0-0 17. Rab1 Bb7 18. Rfe1 h5 19. c4 Rfd8 20. Re2 Qd7 21. Ne1 Bd4 22. Qd2 e5 23. N1c2 Bc5 24. Rd1 Bc6 25. b4 Bd4 26. h3 Qb7 27. Rb1 Qa8 28. a4 e4 29. dxe4 Bxe3 30. Qxe3 Bxe4 31. Qxe4 1-0

[Event "UKR Games (Women) 3rd"]
[Site "Evpatoria"]
[Date "2007.05.24"]
[Round "6"]
[White "Dolzhikova, Kateryna"]
[Black "Shapoval, Galina"]
[Result "1-0"]
[WhiteElo "2282"]
[BlackElo "2175"]
[PlyCount "97"]
[EventDate "2007.05.21"]
[EventType "team"]
[EventRounds "7"]
[EventCountry "UKR"]
[SourceTitle "CBM 118 Extra"]
[Source "ChessBase"]
[SourceDate "2007.07.04"]
[SourceVersion "1"]
[SourceVersionDate "2007.07.04"]
[SourceQuality "1"]

1. d4 Nf6 2. Nf3 c5 3. d5 b5 4. e3 Qb6 5. c4 bxc4 6. Bxc4 Ba6 7. b3 g6 8. Qc2 Bg7 9. Bb2 0-0 10. 0-0 d6 11. Nbd2 Nbd7 12. e4 Rab8 13. Rfe1 Bxc4 14. Nxc4 Qc7 15. Rad1 Nb6 16. Ne3 Qb7 17. h3 Rfc8 18. Nc4 Qa6 19. Nxb6 Rxb6 20. Nd2 Rbb8 21. Bc3 Qb7 22. Nc4 Re8 23. Qb2 a5 24. Nxd6 exd6 25. Bxf6 Bxf6 26. Qxf6 Qe7 27. Qc3 a4 28. e5 axb3 29. axb3 Rbd8 30. f4 Qb7 31. Qc4 Qb4 32. Kf2 Kf8 33. Re3 Qxc4 34. bxc4 Rb8 35. Kf3 Rb4 36. Rc1 h5 37. g4 h4 38. g5 Rb2 39. Ra1 Rh2 40. Ke4 Rd2 41. Ra7 Rd4+ 42. Kf3 Rxc4 43. exd6 Rxe3+ 44. Kxe3 Ke8 45. Re7+ Kd8 46. Rxf7 Rd4 47. f5 Rxd5 48. fxg6 Rxg5 49. g7 1-0

[Event "UKR Games (Women) 3rd"]
[Site "Evpatoria"]
[Date "2007.05.22"]
[Round "3"]
[White "Arutyunova, Diana"]
[Black "Shapoval, Galina"]
[Result "1/2-1/2"]
[WhiteElo "2220"]
[BlackElo "2175"]
[PlyCount "63"]
[EventDate "2007.05.21"]
[EventType "team"]
[EventRounds "7"]
[EventCountry "UKR"]
[SourceTitle "CBM 118 Extra"]
[Source "ChessBase"]
[SourceDate "2007.07.04"]
[SourceVersion "1"]
[SourceVersionDate "2007.07.04"]
[SourceQuality "1"]

1. e4 c5 2. Nf3 e6 3. d4 cxd4 4. Nxd4 a6 5. Nc3 Qc7 6. Be3 b5 7. a3 Bb7 8. Bd3 Nf6 9. f4 d6 10. 0-0 Be7 11. Qe1 0-0 12. Qg3 Nbd7 13. Kh1 Rfe8 14. Rae1 Rac8 15. Qh3 Nc5 16. Bg1 Bf8 17. e5 Nxd3 18. cxd3 Nd7 19. Qg3 g6 20. Nf3 Bg7 21. Bd4 Bc6 22. Ng5 d5 23. f5 exf5 24. e6 fxe6 25. Qxc7 Rxc7 26. Bxg7 Kxg7 27. Nxe6+ Rxe6 28. Rxe6 Nc5 29. Rd6 Nxd3 30. Nxd5 Bxd5 31. Rxd5 Nxb2 32. Rd6 1/2-1/2

[Event "UKR-ch sf (Women)"]
[Site "Evpatoria"]
[Date "2007.05.08"]
[Round "9"]
[White "Dolzhikova, Kateryna"]
[Black "Shapoval, Galina"]
[Result "1/2-1/2"]
[WhiteElo "2282"]
[BlackElo "2175"]
[PlyCount "81"]
[EventDate "2007.04.30"]
[EventType "swiss"]
[EventRounds "9"]
[EventCountry "UKR"]
[SourceTitle "EXT 2008"]
[Source "ChessBase"]
[SourceDate "2007.11.25"]
[SourceVersion "1"]
[SourceVersionDate "2007.11.25"]
[SourceQuality "1"]

1. e4 c5 2. c3 Nf6 3. e5 Nd5 4. d4 cxd4 5. Nf3 Nc6 6. cxd4 e6 7. Bc4 d6 8. 0-0 Be7 9. Re1 0-0 10. exd6 Qxd6 11. Nc3 Nxc3 12. bxc3 b6 13. Ng5 h6 14. Ne4 Qd8 15. Qh5 Na5 16. Bd3 f5 17. Ng3 Qe8 18. Qxe8 Rxe8 19. Bb5 Rf8 20. Nh5 Kf7 21. Nf4 Bd6 22. Nd3 a6 23. Ba4 b5 24. Bc2 Nc4 25. Bf4 Bxf4 26. Nxf4 g5 27. Nd3 Bb7 28. Bb3 Bd5 29. Ne5+ Nxe5 30. Bxd5 exd5 31. Rxe5 Rac8 32. Rxf5+ Kg7 33. Rxd5 Rxc3 34. f3 Rc2 35. Re5 Rd2 36. d5 Rc8 37. Rae1 Rcc2 38. Re7+ Kf8 39. Re8+ Kf7 40. R8e7+ Kf8 41. Re8+ 1/2-1/2

[Event "UKR-ch (Women) 75th"]
[Site "Odessa"]
[Date "2006.11.29"]
[Round "4"]
[White "Arutyunova, Diana"]
[Black "Shapoval, Galina"]
[Result "1-0"]
[WhiteElo "2362"]
[BlackElo "2176"]
[PlyCount "99"]
[EventDate "2006.11.24"]
[EventType "tourn"]
[EventRounds "11"]
[EventCountry "UKR"]
[EventCategory "4"]
[SourceTitle "CBM 115 Extra"]
[Source "ChessBase"]
[SourceDate "2007.01.10"]
[SourceVersion "1"]
[SourceVersionDate "2007.01.10"]
[SourceQuality "1"]

1. e4 c5 2. Nf3 d6 3. d4 cxd4 4. Nxd4 Nf6 5. Nc3 a6 6. Bg5 e6 7. f4 Nbd7 8. Qf3 Qc7 9. 0-0-0 Be7 10. Bd3 b5 11. Rhe1 Bb7 12. Nd5 Nxd5 13. exd5 Bxg5 14. Rxe6+ Be7 15. Rde1 Ne5 16. Rxe7+ Qxe7 17. fxe5 0-0-0 18. Qg4+ Kb8 19. Nf5 Qc7 20. Nxd6 Qa5 21. b4 Qa3+ 22. Kd2 a5 23. Nxf7 axb4 24. Nxh8 Qc3+ 25. Ke2 Qxe5+ 26. Qe4 Qxd5 27. Qxd5 Bxd5 28. Rb1 Rxh8 29. Rxb4 Bxa2 30. Rxb5+ Kc7 31. c4 Ra8 32. Kd2 Ra4 33. Kc3 Ra3+ 34. Kd4 h6 35. Be4 Rb3 36. Rxb3 Bxb3 37. Bd5 Kd7 38. Ke5 Ke7 39. c5 Ba4 40. c6 Bb5 41. Kf5 Bd3+ 42. Be4 g6+ 43. Ke5 Bf1 44. g3 Bb5 45. Kd5 g5 46. Bf5 h5 47. c7 Ba6 48. c8Q Bxc8 49. Bxc8 h4 50. Ke5 1-0

[Event "UKR-ch (Women) 75th"]
[Site "Odessa"]
[Date "2006.11.26"]
[Round "1"]
[White "Gaponenko, Inna"]
[Black "Shapoval, Galina"]
[Result "1-0"]
[WhiteElo "2448"]
[BlackElo "2176"]
[PlyCount "59"]
[EventDate "2006.11.24"]
[EventType "tourn"]
[EventRounds "11"]
[EventCountry "UKR"]
[EventCategory "4"]
[SourceTitle "CBM 115 Extra"]
[Source "ChessBase"]
[SourceDate "2007.01.10"]
[SourceVersion "1"]
[SourceVersionDate "2007.01.10"]
[SourceQuality "1"]

1. e4 c5 2. c3 Nf6 3. e5 Nd5 4. Nf3 d6 5. d4 cxd4 6. cxd4 Nc6 7. Bc4 e6 8. 0-0 Be7 9. Qe2 0-0 10. Re1 Qb6 11. Qe4 dxe5 12. dxe5 f5 13. exf6 Bxf6 14. Nc3 Nxc3 15. bxc3 Bxc3 16. Rb1 Qc7 17. Ng5 g6 18. Re3 Bd4 19. Bxe6+ Bxe6 20. Nxe6 Qf7 21. Rf3 Rae8 22. Rxf7 Rxf7 23. Be3 Bxe3 24. fxe3 Rfe7 25. Qd5 Rxe6 26. Rxb7 Kh8 27. h3 h5 28. Rc7 Ne5 29. Qb7 Kg8 30. Rh7 1-0